Geography Quiz

Random Geography or State Quiz
Score 0/14 Timer 10:00
0 Plays Today
% Correct
Praha
100%
Plzensky
75.7%
Jihocesky
73%
Zlinsky
71.6%
Liberecky
71.6%
Stredocesky
71.6%
Karlovarsky
68.9%
% Correct
Olomoucky
67.6%
Vysocina
66.2%
Pardubicky
64.9%
Jihomoravsky
63.5%
Kralovehradecky
62.2%
Moravskoslezsky
56.8%
Usti nad Labem
55.4%
Come Together.
Have Fun.
All Virtual.
We all need to come together. Play Sporcle's virtual live trivia to have fun, connect with people, and get your trivia on. Join a live hosted trivia game for your favorite pub trivia experience done virtually. If a virtual private party is more your thing, go here for details.

You're not logged in!

Compare scores with friends on all Sporcle quizzes.
OR
Log In

Sporcle TV

Today on Sporcle TV


Watch our educational content, quiz creation guides, and fun videos on Sporcle TV.

Show Comments

Extras

Created Jan 11, 2016SourceReportNominate
Tags:State Quiz, Czech, map, region

Top Quizzes Today


Score Distribution

Paid Content

Your Account Isn't Verified!

In order to create a playlist on Sporcle, you need to verify the email address you used during registration. Go to your Sporcle Settings to finish the process.

Report this User

Report this user for behavior that violates our Community Guidelines.

Details: